000 00211nam a22001097a 4500
041 _aeng
080 _a80
100 _aLawrence, Ronald M.
245 _aGoing the distance.
650 _aFiction
999 _c279441
_d279441
942 _cBK